| 000 -CABECERA |
| Longitud fija campo de control |
00886nam a22002775i 4500 |
| 001 - NÚMERO DE CONTROL |
| Número de control |
21324953 |
| 003 - IDENTIFICADOR DEL NÚMERO DE CONTROL |
| Identificador del número de control |
OSt |
| 005 - FECHA Y HORA DE LA ÚLTIMA TRANSACCIÓN |
| Fecha y hora de la última transacción |
20210715155900.0 |
| 008 - CÓDIGOS DE INFORMACIÓN DE LONGITUD FIJA |
| Códigos de información de longitud fija |
191114t20192019fr 000 0 fre |
| 020 ## - NÚMERO INTERNACIONAL NORMALIZADO PARA LIBROS |
| Número Internacional Normalizado para Libros (ISBN) |
9782362200601 |
| Qualifying information |
(paperback) |
| 035 ## - NÚMERO DE CONTROL DEL SISTEMA |
| Número de control del sistema |
(Fr-PaAMA)AAL0830639-0001 |
| 040 ## - FUENTE DE LA CATALOGACIÓN |
| Centro catalogador de origen |
DLC |
| Lengua de catalogación |
cat |
| Centro transcriptor |
CDMR |
| Normas de descripción |
rda |
| 100 1# - PUNTO DE ACCESO PRINCIPAL-NOMBRE DE PERSONA |
| Nombre de persona |
Goude, Jean-Paul. |
| 245 10 - MENCIÓN DE TÍTULO |
| Título |
Jean-Paul Goude : |
| Resto del título |
100 images pour la liberté de la presse / |
| Mención de responsabilidad, etc. |
Jean-Paul Goude. |
| 264 #1 - PRODUCCIÓN, PUBLICACIÓN , DISTRIBUCIÓN, FABRICACIÓN Y COPYRIGHT |
| Lugar de producción, publicación, distribución, fabricación |
Paris : |
| Nombre del productor, editor, distribuidor, fabricante |
Reporters sans frontières, |
| Fecha de de producción, publicación, distribución, fabricación o copyright |
2019. |
| 264 #4 - PRODUCCIÓN, PUBLICACIÓN , DISTRIBUCIÓN, FABRICACIÓN Y COPYRIGHT |
| Fecha de de producción, publicación, distribución, fabricación o copyright |
©2019 |
| 300 ## - DESCRIPCIÓN FÍSICA |
| Extensión |
1 volum (no paginat) : |
| Otras características físicas |
il·lustracions ; |
| Dimensiones |
29 cm. |
| 336 ## - TIPO DE CONTENIDO |
| Término de tipo de contenido |
text |
| Código de tipo de contenido |
txt |
| Fuente |
rdacontent |
| 337 ## - TIPO DE MEDIO |
| Nombre del tipo de medio |
sense mediació |
| Código del tipo de medio |
n |
| Fuente |
rdamedia |
| 338 ## - TIPO DE SOPORTE |
| Nombre del tipo de soporte |
volum |
| Código del tipo de soporte |
nc |
| Fuente |
rdacarrier |
| 490 0# - MENCIÓN DE SERIE |
| Mención de serie |
Pour la liberté de la presse, |
| Número Internacional Normalizado para Publicaciones Seriadas (ISSN) |
1958-0797 |
| 650 ## - PUNTO DE ACCESO ADICIONAL DE MATERIA - TÉRMINO DE MATERIA |
| Número de control del registro de autoridad |
Fotografia documental |
| 650 ## - PUNTO DE ACCESO ADICIONAL DE MATERIA - TÉRMINO DE MATERIA |
| Número de control del registro de autoridad |
Llibertat d'informació |
| 942 ## - ENTRADA DE ELEMENTOS AGREGADOS (KOHA) |
| Fuente de clasificaión o esquema |
|
| Koha [por defecto] tipo de item |
Monografies |